00539nam a2200145 a 4500008004100000050001800041100001800059245001700077246005200094260001100146350000900157995008400166999001700250952012600267120416s9999 ||||||||||||||||| || u aND 955.F5 Kan aKanerva, Aimo10aAimo Kanerva ain search of the image of the finnish landscape a(1978) a0.00 D0.00FCBU-MAIN LIBRARY (Kitwe)H1I0.00UAVAILABLEZAnnex Low-Usage Collection  c34015d34015 00102lcc4070a001b001cAnnex Low-Usage Collection d2022-11-30l0oND 955.F5 Kanp019042r2022-11-30w2022-11-30y002